Le cas de conscience (Record no. 54116)

MARC details
000 -LEADER
campo de control de longitud fija 00663nam a22002055i 4500
001 - NÚMERO DE CONTROL
campo de control 54116
003 - IDENTIFICADOR DE NÚMERO DE CONTROL
campo de control ES-MaACL
007 - CAMPO FIJO DE DESCRIPCIÓN FÍSICA--INFORMACIÓN GENERAL
campo de control de longitud fija t|
008 - DATOS DE LONGITUD FIJA--INFORMACIÓN GENERAL
campo de control de longitud fija 960710s1867 fr ||||1| fre d
040 ## - FUENTE DE CATALOGACIÓN
Centro catalogador/agencia de origen CAM
Lengua de catalogación spa
Centro/agencia transcriptor CAM
100 1# - ENTRADA PRINCIPAL--NOMBRE DE PERSONA
Nombre de persona Feuillet, Octave.
9 (RLIN) 50641
245 13 - MENCIÓN DEL TÍTULO
Título Le cas de conscience
Resto del título : comedie en un acte, en prose /
Mención de responsabilidad, etc. par Octave Feuillet.
250 ## - MENCION DE EDICION
Mención de edición 2e éd.
260 ## - PUBLICACIÓN, DISTRIBUCIÓN, ETC.
Lugar de publicación, distribución, etc. Paris :
Nombre del editor, distribuidor, etc. Michel Lévy Frères, libraires éditeurs,
Fecha de publicación, distribución, etc. 1867 (
Fabricante J. Claye, imprimeur)
300 ## - DESCRIPCIÓN FÍSICA
Extensión 31 p. ;
Dimensiones 19 cm.
490 1# - MENCIÓN DE SERIE
Mención de serie Oeuvres complètes d'Octave Feuillet
830 0# - PUNTO DE ACCESO ADICIONAL DE SERIE-TÍTULO UNIFORME
Título uniforme Oeuvres complètes d'Octave Feuillet
9 (RLIN) 182483
852 ## - LOCALIZACIÓN
Ubicación ES-MaACL
Número de control de estantería T-729-F-1
Holdings
Estatus retirado Estado de pérdida Estado de daño No para préstamo Colección Biblioteca de origen Biblioteca actual Ubicación en estantería Fecha de adquisición Fuente de adquisición Total de préstamos Signatura topográfica completa Código de barras Visto por última vez Precio de reemplazo Tipo de ítem Koha
        Colección de folletos Biblioteca del Ateneo de Madrid Biblioteca del Ateneo de Madrid Depósito folletos 17/01/2008     T-729-F-1 1056873 23/02/2023 23/02/2023 Folleto